000 00469nam a2200181Ia 4500
001 23496
005 20260414150941.0
008 260414t2014||||xx |||||||||||||| ||spa||
041 _aESP
082 _a651.3
_bK36
100 _aKeyte, Beau
_eAUT
245 0 _aLa empresa Lean total :
_bmapeo del flujo de valor para procesos administrativos
260 _c2014
300 _a166 páginas :
_c24 cm.
650 _aCIS
654 _aCAN
942 _cLIB
_dJUS
_fJUS
_2ddc
_n
999 _c23496
_d23496